|
|
|
|
| LEADER |
00000cam a2200000 7i4500 |
| 001 |
0000003134 |
| 005 |
20050216.0 |
| 020 |
0 |
0 |
|a 0130888826 (pbk. : alk. paper)
|
| 090 |
0 |
0 |
|a 635.977
|b RWH
|
| 100 |
1 |
1 |
|a Harris, Richard Wilson, ,
|d 1920-
|
| 245 |
0 |
0 |
|a Arboriculture : :
|b integrated management of landscape trees, shrubs, and vines /
|c Richard W. Harris, James R. Clark, Nelda P. Matheny ; illustrations by Vera M. Harris
|
| 260 |
0 |
0 |
|a Upper Saddle River, N.J. : :
|b Prentice Hall, ,
|c c2004.
|
| 300 |
|
|
|a xii, 578 p. : :
|b ill., folded col. maps ; ;
|c 28 cm.
|
| 650 |
0 |
0 |
|a Arboriculture.
|
| 650 |
0 |
0 |
|a Ornamental woody plants.
|
| 700 |
1 |
1 |
|a Clark, James R
|
| 700 |
1 |
1 |
|a Matheny, Nelda P.
|
| 999 |
|
|
|a 0000005842
|b Monograph
|c Open Shelf
|e Default branch
|